Southville International School and Colleges
Your cart is empty.
  • Cart
  • Lists
    Public lists Eva Luna New books Lux_list list_1
    Your lists Log in to create your own lists
  • Log in to your account
  • Your cookies
  • Search history
Southville International School and Colleges
  • Advanced search
  • Recent comments
  • Most popular
  • Libraries

Log in to your account

Log in with GOOGLE


If you do not have an external account, but do have a local account, you can still log in:

  1. Home
  2. MARC view: Chronicle of a death foretold :
Normal view MARC view ISBD view

Chronicle of a death foretold : (Record no. 3440)

[ view plain ]
MARC details
000 -LEADER
fixed length control field 00855nam a2200265 a 4500
001 - CONTROL NUMBER
control field 3800829
003 - CONTROL NUMBER IDENTIFIER
control field OSt
005 - DATE AND TIME OF LATEST TRANSACTION
control field 20140310181756.0
008 - FIXED-LENGTH DATA ELEMENTS--GENERAL INFORMATION
fixed length control field 841129s1982 enk 000 1 eng
010 ## - LIBRARY OF CONGRESS CONTROL NUMBER
LC control number 84244300
020 ## - INTERNATIONAL STANDARD BOOK NUMBER
International Standard Book Number 140003471X
040 ## - CATALOGING SOURCE
Original cataloging agency DLC
Transcribing agency DLC
Modifying agency DLC
041 1# - LANGUAGE CODE
Language code of text/sound track or separate title engspa
050 00 - LIBRARY OF CONGRESS CALL NUMBER
Classification number PQ 8180
Item number .M357 1982
082 00 - DEWEY DECIMAL CLASSIFICATION NUMBER
Classification number IB 863
Item number M34 1982
100 2# - MAIN ENTRY--PERSONAL NAME
Personal name García Márquez, Gabriel,
Dates associated with a name 1928-
9 (RLIN) 19752
240 10 - UNIFORM TITLE
Uniform title <a href="Crónica de una muerte anunciada.">Crónica de una muerte anunciada.</a>
Language of a work English
245 10 - TITLE STATEMENT
Title Chronicle of a death foretold :
Statement of responsibility, etc Gabriel García Márquez ; translated from the Spanish by Gregory Rabassa.
Remainder of title a novel
260 ## - PUBLICATION, DISTRIBUTION, ETC. (IMPRINT)
Place of publication, distribution, etc New York :
Name of publisher, distributor, etc Vintage Books,
Date of publication, distribution, etc c1982.
300 ## - PHYSICAL DESCRIPTION
Extent 120 p.
Dimensions 20 cm.
500 ## - GENERAL NOTE
General note Translation of: Crónica de una muerte anunciada.
906 ## - LOCAL DATA ELEMENT F, LDF (RLIN)
a 7
b cbc
c orignew
d 3
e ncip
f 19
g y-gencatlg
942 ## - ADDED ENTRY ELEMENTS (KOHA)
Source of classification or shelving scheme Library of Congress Classification
Koha item type
Holdings
Withdrawn status Lost status Source of classification or shelving scheme Damaged status Home library Current library Shelving location Date acquired Source of acquisition Total Checkouts Full call number Barcode Date last seen Date checked out Copy number Price effective from Koha item type Sub Shelving location
    Library of Congress Classification   Luxembourg Library Luxembourg Library Classic Section 06/29/2013 Donation 1 PQ 8180.17 .M357 1982 14511 08/17/2013 07/04/2013 1 10/03/2013 Books  
    Library of Congress Classification   Luxembourg Library Luxembourg Library International Baccalaureate Section 08/27/2013     PQ 8180.17 .M357 1982 14510 08/27/2013   2 08/27/2013 Books  
    Library of Congress Classification   Luxembourg Library Luxembourg Library Classic Section 10/16/2018 Donation 1 PQ 8180 .M357 1982 20611 02/28/2020 02/28/2020   10/16/2018 Books  

Chronicle of a death foretold :

APA

García Márquez G., . (1982). Chronicle of a death foretold. New York: Vintage Books.

Chicago

García Márquez Gabriel, . 1982. Chronicle of a death foretold. New York: Vintage Books.

Harvard

García Márquez G., . (1982). Chronicle of a death foretold. New York: Vintage Books.

MLA

García Márquez Gabriel, . Chronicle of a death foretold. New York: Vintage Books. 1982.

  • Place hold
  • Print
  • Cite
  • Add to your cart (remove)
  • Save record
    BIBTEX Dublin Core MARCXML MARC (non-Unicode/MARC-8) MARC (Unicode/UTF-8) MARC (Unicode/UTF-8, Standard) MODS (XML) RIS
  • More searches
    Search for this title in:
    Other Libraries (WorldCat) Other Databases (Google Scholar) Online Stores (Bookfinder.com) Open Library (openlibrary.org)

Exporting to Dublin Core...

SOUTHVILLE LIBRARY

Southville International School and Colleges Library

1281 Tropical Ave. Cor. Luxembourg St., BF Homes International, Las Pinas City

Tel. No. 8256374 / 252358 Loc. 117/146

Powered by Koha